LEADER 01207nam a2200289 u 4500 001 000000090390 003 CaOOAMICUS 005 20070226124722.0 008 051003s1995 inu u000 u eng u 020 $a0-268-01172-9 035 $a11072345 040 $aPUL$bita 100 1 $aHauerwas, Stanley,$d1940-$0(OLS)http://pul/name/38282 245 10$aIn good company :$bthe Church as polis /$cStanley Hauerwas. 260 $aNotre Dame, Ind. :$bUniversity of Notre Dame Press,$cc1995. 300 $axv,268 p.; ;$c24 cm 500 $aIndice p. 263-268. 504 $aNote bibliografiche p. 217-261. 650 4$aEtica cristiana.$0(OLS)http://pul/subject/1395 650 4$aChiesa.$0(OLS)http://pul/subject/2116 650 4$aMetodisti.$0(OLS)http://pul/subject/23816 850 $aPUL 852 $aPUL$W1$xSL Religione 3$y85$m289. 1 HauSt 1$j114081$nBK-PRI$b $qDDC 21$B114081$CPULBib$Z2$F114081 $HPUL99600 $81 941 1 $a9 996 $6020$a0-268-01172-9$9(OLS)http://pul/number/118530 996 $6245$aIn good company :$bthe Church as polis$9(OLS)http://pul/title/116746 996 $6260$aNotre Dame, Ind. :$bUniversity of Notre Dame Press$9(OLS)http://pul/publisher/75563 LEADER 01192nam a2200301 a 4500 001 000000132871 003 CaOOAMICUS 005 20130219110839.0 008 130219s2007 mau u000 u eng r 020 $z9780674026766* 040 $aPUL$bita 082 04$a211 100 1 $aTaylor, Charles,$d1931-$0(OLS)http://pul/name/53594 245 12$aA secular age /$cCharles Taylor. 260 $aCambridge, Mass. :$bBelknap Press of Harvard University Press,$c2007. 300 $ax, 874 p. ;$c24 cm. 500 $aaInclude indice. 504 $aBibliografia nelle note finali. 650 4$aReligione e cultura.$0(OLS)http://pul/subject/4918 650 4$aSecolarizzazione.$0(OLS)http://pul/subject/641 850 $aPUL 852 $aPUL$W1$xSL Religione 3$y85$m211 TAYCH 1$j152799$qDDC 21$B152250$CPULBib$Z2$F152250 $H121674 $82 941 1 $a9 996 $6020$z9780674026766*$9(OLS)http://pul/number/151888 996 $6082$a211$9(OLS)http://pul/classification/2257 996 $6245$aA secular age$9(OLS)http://pul/title/167867 996 $6260$aCambridge, Mass. :$bBelknap Press of Harvard University Press$9(OLS)http://pul/publisher/50422